Fundamentos de destilación de mezclas multicomponente

Bibliographic Details
Main Author: Holland, Charles D
Format: Section = Libro
Language:Undetermined
Spanish
Published: México Limusa 1988
Subjects:
LEADER 00525nam a2200193Ia 4500
008 240829s9999 xx 000 0 und d
020 |a 968-18-2339-7 
040 |a BIBLIOTECA-RUSB/ 660.28425 H734 
041 |a spa 
082 |a 660.28425 H734 
100 1 |a Holland, Charles D 
245 1 0 |a Fundamentos de destilación de mezclas multicomponente 
260 |a México  |b Limusa  |c 1988 
300 |a 705 p. :il. 
650 7 |a DESTILACION FRACCIONARIA 
650 7 |b  QUIMICA INDUSTRIA 
942 |c BK  |2 ddc 
991 |a TEXTO 
999 |c 4343